000
00318nam a22001457a 4500
003
SGT
020
_a
978-93-272-5221-7
082
_a
631.52
_b
PRA
100
_a
PRASAD, B.K.
245
_a
OBJECTIVE PLANT BREEDING
260
_a
INDIA
_b
KALYANI
_c
2025
300
_a
585
650
_a
PLANT BREEDING
942
_2
ddc
_c
BK
999
_c
31201
_d
31201